[Event "AUT Bundesliga 2021-22"]
[Site "Graz"]
[Date "2022.03.24"]
[Round "5.19"]
[White "Dragnev, Valentin"]
[Black "Horvath, Dominik"]
[Result "1/2-1/2"]
[WhiteElo "2533"]
[BlackElo "2483"]
[Annotator "TA"]
[PlyCount "81"]
[EventDate "2021.11.04"]
[EventType "team-tourn"]
[EventCountry "AUT"]
[SourceTitle "playchess.com"]
[Source "ChessBase"]
[SourceQuality "1"]

{[%evp 9,81,32,36,38,40,20,21,30,14,25,21,0,0,0,-17,-10,0,-17,0,0,0,-12,-11,-14,0,-38,0,0,2,0,27,28,56,0,0,0,38,0,11,0,0,-25,-7,-14,0,0,0,11,11,0,0,0,0,0,0,0,0,0,116,116,99,0,0,0,36,0,0,0,0,0,58,0,0,0]} 1. e4 {[%cal Be2e4,Be4e5][%mdl 32]} c5 2. Nf3 Nc6 3. Bb5 Nf6 4. Nc3 d6 5. e5 Nd7 6. exd6 {Hoping for Nd5. B30: Sicilian: 2...Nc6 3 Bb5, lines without ...g6.} e5 7. Bxc6 (7. d3 {seems wilder.} Bxd6 8. Ne4 Be7 9. O-O O-O 10. Re1) 7... bxc6 8. d3 Bxd6 {[#]} 9. Nd2 $146 ({Predecessor:} 9. Ne4 Bc7 10. O-O O-O 11. Ng3 c4 12. dxc4 f5 13. b3 f4 14. Ne4 Nf6 15. Nfg5 {½-½ (27) Pirs,M (2523)-Ljubicic,A (2465) ICCF email 2017}) 9... O-O 10. Nc4 Bc7 11. Be3 f5 12. f3 Ba6 {[%cal Oe5e4]} 13. Qe2 Bxc4 14. dxc4 Ba5 15. O-O Bxc3 16. bxc3 Qe7 17. Rfb1 {[%cal Bf1b1,Bb1b3,Bb3a3][%mdl 32]} Rab8 18. Rb3 Rb6 19. Rd1 Nf6 20. Qf2 Rd8 21. Re1 ({White should try} 21. Rxd8+ $14 Qxd8 22. h3 (22. Bxc5 Rxb3 23. cxb3 Qd1+ 24. Qf1 Qd2 $11)) 21... Nd7 $11 22. Ra3 a6 {[%cal Ba7a6,Ba6a5,Ba5a4][%mdl 32]} 23. Rb3 {[#] Rxb6 is the strong threat.} Rbb8 24. Qe2 a5 25. Rd1 a4 26. Rxb8 Nxb8 27. Rxd8+ Qxd8 28. Bxc5 Nd7 29. Qd3 Qe8 30. Be3 Qe6 31. a3 c5 32. h3 h6 ({Don't do} 32... f4 33. Bf2 $14) 33. g4 e4 {[#]} (33... fxg4 $11 34. hxg4 Nf6) 34. gxf5 $1 $16 {[%mdl 512]} Qxf5 35. Qxe4 (35. Qd5+ $16 Qf7 36. Qxe4 (36. fxe4 Nf6 $16)) 35... Qxh3 36. Qd5+ Kh8 37. Qa8+ Kh7 38. Qe4+ Kg8 39. Qd5+ ({Better is} 39. Kf2 $11) 39... Kh8 $14 40. Qa8+ (40. Kf2 $14) 40... Kh7 $11 41. Qe4+ {Weighted Error Value: White=0.12 (very precise) /Black=0.11 (very precise)} 1/2-1/2

[Event "AUT Bundesliga 2021-22"]
[Site "Graz"]
[Date "2022.03.24"]
[Round "5.20"]
[White "Rubil, Marko"]
[Black "Blohberger, Felix"]
[Result "1-0"]
[WhiteElo "2293"]
[BlackElo "2503"]
[Annotator "ChessBase"]
[PlyCount "157"]
[EventDate "2021.11.04"]
[EventType "team-tourn"]
[EventCountry "AUT"]
[SourceTitle "playchess.com"]
[Source "ChessBase"]
[SourceQuality "1"]
[TimeControl "40/5400+30:1800+30"]

1. e4 {[%emt 0:00:04]} Nc6 {[%emt 0:01:54]} 2. d4 {[%emt 0:05:51]} d5 {[%emt 0:00:32]} 3. e5 {[%emt 0:00:05]} Bf5 {[%emt 0:00:05]} 4. c3 {[%emt 0:00:21]} e6 {[%emt 0:01:58]} 5. f4 {[%emt 0:00:33]} Nge7 {[%emt 0:08:50]} 6. Nf3 {[%emt 0:02:27]} Ng6 {[%emt 0:00:23]} 7. Bd3 {[%emt 0:04:03]} Nh4 {[%emt 0:05:05]} 8. O-O {[%emt 0:10:17]} Bxd3 {[%emt 0:04:54]} 9. Qxd3 {[%emt 0:00:13]} Nxf3+ {[%emt 0:00:06]} 10. Rxf3 {[%emt 0:04:17]} Qd7 {[%emt 0:03:12]} 11. b3 {[%emt 0:08:56]} O-O-O {[%emt 0:02:10]} 12. Nd2 {[%emt 0:11:44]} f6 {[%emt 0:06:04]} 13. a4 {[%emt 0:04:29]} Ne7 {[%emt 0:10:44]} 14. Nf1 {[%emt 0:00:53]} Nf5 {[%emt 0:02:25]} 15. Ne3 {[%emt 0:03:31]} Nh4 {[%emt 0:07:48]} 16. Rh3 {[%emt 0:01:11]} Ng6 {[%emt 0:01:19]} 17. Nc2 {[%emt 0:00:03]} Be7 {[%emt 0:02:01]} 18. b4 {[%emt 0:15:03]} Rdf8 {[%emt 0:03:39]} 19. b5 {[%emt 0:00:16]} Kb8 {[%emt 0:05:10]} 20. Be3 {[%emt 0:01:44]} fxe5 {[%emt 0:04:14]} 21. fxe5 {[%emt 0:00:25]} Nh4 {[%emt 0:03:50]} 22. Nb4 {[%emt 0:04:40]} Nf5 {[%emt 0:02:11]} 23. Rb1 {[%emt 0:01:37]} Bxb4 {[%emt 0:00:36]} 24. Rxb4 {[%emt 0:00:20]} Qf7 {[%emt 0:03:45]} 25. Rb1 {[%emt 0:08:29]} Qg6 {[%emt 0:01:38]} 26. Bc1 {[%emt 0:00:18]} h5 {[%emt 0:08:27]} 27. Ba3 {[%emt 0:00:37]} Rf7 {[%emt 0:01:42]} 28. a5 {[%emt 0:02:27]} b6 {[%emt 0:03:08]} 29. Rc1 {[%emt 0:03:13]} Qg4 {[%emt 0:01:17]} 30. Rf1 {[%emt 0:03:09]} g5 {[%emt 0:02:16]} 31. Rhf3 {[%emt 0:03:54]} Nh4 {[%emt 0:01:57]} 32. Rg3 {[%emt 0:00:12]} Rxf1+ {[%emt 0:00:25]} 33. Qxf1 {[%emt 0:00:01]} Qe4 {[%emt 0:00:09]} 34. a6 {[%emt 0:01:28]} Nf5 {[%emt 0:01:14]} 35. Rd3 {[%emt 0:00:29]} g4 {[%emt 0:01:05]} 36. Bc1 {[%emt 0:00:23]} Rg8 {[%emt 0:01:26]} 37. Rd1 {[%emt 0:00:40]} h4 {[%emt 0:00:32]} 38. Qd3 {[%emt 0:00:34]} Qxd3 {[%emt 0:00:31]} 39. Rxd3 {[%emt 0:00:01]} c6 {[%emt 0:00:23]} 40. bxc6 {[%emt 0:00:00]} Kc7 {[%emt 0:00:00]} 41. Rd2 {[%emt 0:11:26]} Kxc6 {[%emt 0:00:59]} 42. Rb2 {[%emt 0:00:09]} b5 {[%emt 0:02:07]} 43. Kf2 {[%emt 0:06:31]} Kb6 {[%emt 0:03:00]} 44. Ra2 {[%emt 0:00:42]} Rc8 {[%emt 0:10:36]} 45. Ba3 {[%emt 0:00:38]} g3+ {[%emt 0:11:10]} 46. hxg3 {[%emt 0:08:09]} hxg3+ {[%emt 0:00:59]} 47. Ke2 {[%emt 0:00:05]} Rc4 {[%emt 0:02:23]} 48. Bc5+ {[%emt 0:00:27]} Kc6 {[%emt 0:01:18]} 49. Bxa7 {[%emt 0:01:18]} Ra4 {[%emt 0:00:06]} 50. Rxa4 {[%emt 0:00:32]} bxa4 {[%emt 0:00:06]} 51. Bc5 {[%emt 0:00:56]} Nh4 {[%emt 0:00:06]} 52. c4 {[%emt 0:05:26]} Nxg2 {[%emt 0:03:24]} 53. cxd5+ {[%emt 0:00:08]} exd5 {[%emt 0:00:06]} 54. Kf3 {[%emt 0:00:40]} Nf4 {[%emt 0:00:54]} 55. Kxg3 {[%emt 0:00:42]} Ne6 {[%emt 0:00:20]} 56. Kg4 {[%emt 0:01:05]} a3 {[%emt 0:01:08]} 57. a7 {[%emt 0:00:36]} Kb7 {[%emt 0:00:16]} 58. Bxa3 {[%emt 0:00:07]} Nxd4 {[%emt 0:00:31]} 59. Bc5 {[%emt 0:00:22]} Ne6 {[%emt 0:00:34]} 60. Bb6 {[%emt 0:00:14]} d4 {[%emt 0:00:34]} 61. Kf3 {[%emt 0:01:14]} d3 {[%emt 0:00:36]} 62. Be3 {[%emt 0:00:33]} Nd8 {[%emt 0:00:38]} 63. Kf2 {[%emt 0:00:29]} Ne6 {[%emt 0:00:31]} 64. Ke1 {[%emt 0:00:08]} Nf8 {[%emt 0:00:27]} 65. Kd2 {[%emt 0:00:07]} Ne6 {[%emt 0:00:34]} 66. Kxd3 {[%emt 0:00:03]} Nc7 {[%emt 0:00:19]} 67. Ke4 {[%emt 0:00:17]} Ne6 {[%emt 0:00:34]} 68. Kd5 {[%emt 0:01:25]} Ng7 {[%emt 0:00:34]} 69. Bb6 {[%emt 0:00:56]} Nh5 {[%emt 0:00:05]} 70. Kd6 {[%emt 0:00:28]} Ng7 {[%emt 0:00:36]} 71. Kd7 {[%emt 0:00:16]} Ka8 {[%emt 0:00:15]} 72. Ke7 {[%emt 0:00:23]} Nh5 {[%emt 0:00:48]} 73. Be3 {[%emt 0:00:41]} Ng7 {[%emt 0:00:50]} 74. Kf7 {[%emt 0:00:45]} Nf5 {[%emt 0:00:05]} 75. Bc5 {[%emt 0:00:23]} Nh6+ {[%emt 0:00:13]} 76. Kg6 {[%emt 0:00:33]} Ng4 {[%emt 0:00:05]} 77. e6 {[%emt 0:00:15]} Ne5+ {[%emt 0:00:04]} 78. Kf5 {[%emt 0:00:35]} Nc6 {[%emt 0:00:24]} 79. Ke4 {[%emt 0:00:09]} 1-0

[Event "AUT Bundesliga 2021-22"]
[Site "Graz"]
[Date "2022.03.24"]
[Round "5.21"]
[White "Froewis, Georg"]
[Black "Vitouch, Anatol"]
[Result "1/2-1/2"]
[WhiteElo "2449"]
[BlackElo "2245"]
[Annotator "NA"]
[PlyCount "61"]
[EventDate "2021.11.04"]
[EventType "team-tourn"]
[EventCountry "AUT"]
[SourceTitle "playchess.com"]
[Source "ChessBase"]
[SourceQuality "1"]
[TimeControl "40/5400+30:1800+30"]

1. c4 {[%emt 0:00:03]} e5 {[%emt 0:00:13]} 2. Nc3 {[%emt 0:00:05]} d6 {[%emt 0:00:12]} 3. d4 {[%emt 0:01:40]} exd4 {[%emt 0:00:28]} 4. Qxd4 {[%emt 0:00:06]} Nc6 {[%emt 0:00:14]} 5. Qd2 {[%emt 0:00:11]} g6 {[%emt 0:02:30]} 6. b3 {[%emt 0:02:07]} Bg7 {[%emt 0:00:14]} 7. Bb2 {[%emt 0:00:07]} Nf6 {[%emt 0:03:44]} 8. g3 {[%emt 0:00:33]} O-O {[%emt 0:00:47]} 9. Bg2 {[%emt 0:00:03]} Re8 {[%emt 0:01:00]} 10. Nh3 {[%emt 0:06:20] 10.Nf3 is more advanced technology.} Bxh3 {[%emt 0:20:29]} 11. Bxh3 {[%emt 0:00:06]} Ne4 {[%emt 0:00:15]} 12. Nxe4 {[%emt 0:00:08]} Rxe4 {[%emt 0:03:14]} 13. Bg2 {[%emt 0:00:28]} Bxb2 {[%emt 0:01:00]} 14. Qxb2 {[%emt 0:00:05]} Re5 {[%emt 0:01:12]} 15. O-O {[%emt 0:00:52]} Qe7 {[%emt 0:02:22]} 16. e3 {[%emt 0:00:15]} a5 {[%emt 0:01:34]} 17. Rad1 {[%emt 0:01:17]} Rb8 {[%emt 0:01:17] [#]} 18. Qc3 $146 {[%emt 0:02:22]} ({Predecessor:} 18. Rd2 Nb4 19. Rfd1 b5 20. Qc3 bxc4 21. Qxc4 Rc5 22. Qe2 Rb6 23. a3 Na6 24. Bd5 {½-½ (56) Robatsch,K (2430)-Dzindzichashvili,R (2550) Amsterdam 1978}) 18... Nd8 {[%emt 0:01:50]} 19. Rd5 $14 {[%emt 0:02:27]} b6 {[%emt 0:05:04]} 20. Rfd1 {[%emt 0:00:56]} f6 {[%emt 0:04:36]} 21. c5 {[%emt 0:07:42]} bxc5 {[%emt 0:04:56]} 22. Qxa5 {[%emt 0:00:19]} Kg7 {[%emt 0:03:24]} 23. Qa7 {[%emt 0:11:31]} Rb6 {[%emt 0:05:40]} 24. R5d2 {[%emt 0:05:22]} Nf7 {[%emt 0:05:02]} 25. Bd5 {[%emt 0:06:26]} Ng5 {[%emt 0:05:57]} 26. Qa8 {[%emt 0:00:44]} Ne4 {[%emt 0:09:37]} 27. Rd3 {[%emt 0:10:39]} Qe8 {[%emt 0:05:34]} 28. f3 {[%emt 0:07:13]} Ng5 {[%emt 0:02:18]} 29. Qxe8 {[%emt 0:11:33]} Rxe8 {[%emt 0:00:05]} 30. h4 {[%emt 0:00:15]} Nf7 {[%emt 0:01:20]} 31. f4 {[%emt 0:07:21]} 1/2-1/2

[Event "AUT Bundesliga 2021-22"]
[Site "Graz"]
[Date "2022.03.24"]
[Round "5.22"]
[White "Lovrinovic, Christian"]
[Black "Peyrer, Konstantin"]
[Result "0-1"]
[WhiteElo "2117"]
[BlackElo "2301"]
[Annotator "NA"]
[PlyCount "96"]
[EventDate "2021.11.04"]
[EventType "team-tourn"]
[EventCountry "AUT"]
[SourceTitle "playchess.com"]
[Source "ChessBase"]
[SourceQuality "1"]
[TimeControl "40/5400+30:1800+30"]

1. d4 {[%emt 0:00:02]} Nf6 {[%emt 0:00:06]} 2. c4 {[%emt 0:00:03]} g6 {[%emt 0:00:03]} 3. Nc3 {[%emt 0:00:04]} d5 {[%emt 0:00:03]} 4. cxd5 {[%emt 0:00:30]} Nxd5 {[%emt 0:00:04]} 5. e4 {[%emt 0:00:03]} Nxc3 {[%emt 0:00:04]} 6. bxc3 {[%emt 0:00:03]} Bg7 {[%emt 0:00:06]} 7. Nf3 {[%emt 0:00:06]} c5 {[%emt 0:00:04]} 8. Rb1 {[%emt 0:00:04]} O-O $11 {[%emt 0:00:19]} 9. Be2 {[%emt 0:00:21]} Nc6 {[%emt 0:00:05]} 10. d5 {[%emt 0:00:46]} Ne5 {[%emt 0:00:04]} 11. Nxe5 {[%emt 0:01:02]} Bxe5 {[%emt 0:00:04]} 12. Qd2 {[%emt 0:00:05]} e6 {[%emt 0:00:08]} 13. f4 {[%emt 0:09:44]} Bc7 {[%emt 0:00:09]} 14. O-O {[%emt 0:04:20]} exd5 {[%emt 0:00:31]} 15. exd5 {[%emt 0:00:05]} Ba5 {[%emt 0:00:16]} 16. Kh1 {[%emt 0:05:34]} Qf6 {[%emt 0:03:47]} 17. Rb3 {[%emt 0:00:28]} b6 {[%emt 0:01:29]} 18. Bb2 {[%emt 0:05:33]} Re8 {[%emt 0:05:53]} 19. Qd1 {[%emt 0:34:41]} Bd7 {[%emt 0:08:52]} 20. c4 {[%emt 0:15:16]} Qh4 {[%emt 0:08:26]} 21. Rg3 {[%emt 0:10:50]} Re4 {[%emt 0:03:21]} 22. Be5 {[%emt 0:01:44]} Re8 {[%emt 0:01:04]} 23. Bd3 {[%emt 0:00:23]} R8xe5 {[%emt 0:00:10]} 24. fxe5 {[%emt 0:00:11]} Rxe5 {[%emt 0:00:04]} 25. Qf3 {[%emt 0:01:02]} f5 {[%emt 0:00:14]} 26. Qf4 {[%emt 0:00:21]} Qxf4 {[%emt 0:00:48]} 27. Rxf4 {[%emt 0:00:02]} Be1 {[%emt 0:02:42]} 28. Rgf3 {[%emt 0:01:44]} Bd2 {[%emt 0:00:51]} 29. Rh4 {[%emt 0:01:52]} Bg5 {[%emt 0:00:22]} 30. Rhh3 {[%emt 0:00:04]} f4 {[%emt 0:00:04]} 31. Kg1 {[%emt 0:01:29]} Bxh3 {[%emt 0:00:54]} 32. Rxh3 {[%emt 0:00:02]} Re1+ {[%emt 0:00:22]} 33. Kf2 {[%emt 0:00:01]} Ra1 {[%emt 0:00:43]} 34. Kf3 {[%emt 0:00:11]} Rxa2 {[%emt 0:02:38]} 35. d6 {[%emt 0:00:41]} Rd2 {[%emt 0:02:48]} 36. Ke4 {[%emt 0:00:22]} Kg7 {[%emt 0:02:14]} 37. Kd5 {[%emt 0:00:49]} Rxg2 {[%emt 0:02:44]} 38. Kc6 {[%emt 0:00:12]} Rb2 {[%emt 0:01:00]} 39. Kc7 {[%emt 0:00:43]} Rb3 {[%emt 0:00:19]} 40. d7 {[%emt 0:00:00]} a5 {[%emt 0:00:00]} 41. Rf3 {[%emt 0:10:02]} a4 {[%emt 0:00:16]} 42. d8=Q {[%emt 0:00:29]} Bxd8+ {[%emt 0:00:04]} 43. Kxd8 {[%emt 0:00:04]} a3 {[%emt 0:00:11]} 44. Rxf4 {[%emt 0:00:10]} Rxd3+ {[%emt 0:00:07]} 45. Kc7 {[%emt 0:00:03]} a2 {[%emt 0:00:35]} 46. Rf1 {[%emt 0:00:03]} Rb3 {[%emt 0:00:05]} 47. Ra1 {[%emt 0:00:04]} Rb2 {[%emt 0:00:05]} 48. Kc6 {[%emt 0:00:26]} h5 {[%emt 0:00:13]} 0-1

[Event "AUT Bundesliga 2021-22"]
[Site "Graz"]
[Date "2022.03.24"]
[Round "5.23"]
[White "Schneider-Zinner, Harald"]
[Black "Prinzjakowitsch, Bernhard"]
[Result "1/2-1/2"]
[WhiteElo "2370"]
[BlackElo "2091"]
[Annotator "NA"]
[PlyCount "75"]
[EventDate "2021.11.04"]
[EventType "team-tourn"]
[EventCountry "AUT"]
[SourceTitle "playchess.com"]
[Source "ChessBase"]
[SourceQuality "1"]
[TimeControl "40/5400+30:1800+30"]

1. d4 {[%emt 0:00:04]} Nf6 {[%emt 0:00:09]} 2. Nf3 {[%emt 0:00:06]} g6 {[%emt 0:00:11]} 3. c4 {[%emt 0:00:14]} Bg7 {[%emt 0:00:06]} 4. g3 {[%emt 0:00:39]} c6 {[%emt 0:03:29]} 5. Bg2 {[%emt 0:01:59]} O-O {[%emt 0:00:14]} 6. O-O {[%emt 0:00:37]} d5 {[%emt 0:00:13]} 7. b3 {[%emt 0:02:25]} Bf5 {[%emt 0:02:26]} 8. Bb2 {[%emt 0:01:26]} Nbd7 {[%emt 0:01:11]} 9. e3 {[%emt 0:03:39]} b5 {[%emt 0:04:55]} 10. cxb5 {[%emt 0:15:50]} cxb5 {[%emt 0:00:06]} 11. Nc3 {[%emt 0:00:55]} b4 {[%emt 0:01:57]} 12. Na4 {[%emt 0:01:45]} Rc8 {[%emt 0:01:44]} 13. Qd2 {[%emt 0:08:28]} Qa5 {[%emt 0:01:51]} 14. Rfc1 {[%emt 0:17:45]} Ne4 {[%emt 0:05:15]} 15. Qe1 {[%emt 0:00:25]} Nb6 {[%emt 0:10:39]} 16. a3 {[%emt 0:06:13]} Nxa4 {[%emt 0:00:10]} 17. axb4 {[%emt 0:02:44]} Rxc1 {[%emt 0:00:16]} 18. Bxc1 {[%emt 0:03:37]} Qc7 {[%emt 0:03:08]} 19. bxa4 {[%emt 0:00:14]} Qc2 {[%emt 0:00:08]} 20. b5 {[%emt 0:04:51]} Rc8 {[%emt 0:00:21]} 21. a5 {[%emt 0:08:12]} Qb3 {[%emt 0:05:11]} 22. b6 {[%emt 0:01:08]} axb6 {[%emt 0:00:15]} 23. a6 {[%emt 0:00:15]} Ra8 {[%emt 0:08:21]} 24. Nd2 {[%emt 0:02:03]} Qc3 {[%emt 0:01:51]} 25. Ra3 {[%emt 0:01:16]} Qb4 {[%emt 0:01:19]} 26. Nf3 {[%emt 0:07:44]} Qd6 {[%emt 0:02:09]} 27. Bb2 {[%emt 0:04:26]} f6 {[%emt 0:01:26]} 28. Qa1 {[%emt 0:02:21]} Bd7 {[%emt 0:01:48]} 29. Bf1 {[%emt 0:00:34]} Bf8 {[%emt 0:04:42]} 30. Bc3 {[%emt 0:01:56]} e6 {[%emt 0:03:07]} 31. Ra2 {[%emt 0:00:01]} g5 {[%emt 0:03:46]} 32. Nd2 {[%emt 0:00:23]} Nxc3 {[%emt 0:03:07]} 33. Qxc3 {[%emt 0:00:02]} Rc8 {[%emt 0:00:58]} 34. Qb3 {[%emt 0:01:12]} Qb4 {[%emt 0:00:21]} 35. a7 {[%emt 0:00:53]} Qxb3 {[%emt 0:01:19]} 36. Nxb3 {[%emt 0:00:01]} Ra8 {[%emt 0:00:30]} 37. g4 {[%emt 0:01:54]} Kf7 {[%emt 0:02:23]} 38. Kg2 {[%emt 0:00:39]} 1/2-1/2

[Event "AUT Bundesliga 2021-22"]
[Site "Graz"]
[Date "2022.03.24"]
[Round "5.24"]
[White "Kosc, Renata"]
[Black "Steindl, Johannes"]
[Result "0-1"]
[WhiteElo "1974"]
[BlackElo "2237"]
[Annotator "NA"]
[PlyCount "98"]
[EventDate "2021.11.04"]
[EventType "team-tourn"]
[EventCountry "AUT"]
[SourceTitle "playchess.com"]
[Source "ChessBase"]
[SourceQuality "1"]
[TimeControl "40/5400+30:1800+30"]

1. e4 {[%emt 0:00:02]} e6 {[%emt 0:00:04]} 2. d4 {[%emt 0:00:05]} d5 {[%emt 0:00:04]} 3. Nc3 {[%emt 0:00:10]} Bb4 {[%emt 0:00:04]} 4. e5 {[%emt 0:00:20]} c5 {[%emt 0:00:05]} 5. Bd2 {[%emt 0:00:34]} Ne7 {[%emt 0:02:23]} 6. a3 {[%emt 0:00:13]} Bxc3 {[%emt 0:00:07]} 7. Bxc3 {[%emt 0:00:04]} b6 {[%emt 0:01:27]} 8. Bb5+ {[%emt 0:14:27]} Bd7 {[%emt 0:02:25]} 9. Be2 {[%emt 0:03:57]} Nbc6 {[%emt 0:03:01]} 10. Nf3 {[%emt 0:05:08]} O-O {[%emt 0:02:44]} 11. O-O {[%emt 0:06:14]} Ng6 {[%emt 0:04:31]} 12. g3 {[%emt 0:14:42]} Qc7 {[%emt 0:04:48]} 13. Re1 {[%emt 0:06:17]} cxd4 {[%emt 0:01:42]} 14. Bxd4 {[%emt 0:00:09]} Nxd4 {[%emt 0:12:33]} 15. Qxd4 {[%emt 0:00:17]} Qxc2 {[%emt 0:00:05]} 16. Bd3 {[%emt 0:07:53]} Qc5 {[%emt 0:04:47]} 17. Rac1 {[%emt 0:03:17]} Qxd4 {[%emt 0:03:24]} 18. Nxd4 {[%emt 0:00:05]} Rfc8 {[%emt 0:00:12]} 19. Bxg6 {[%emt 0:03:25]} hxg6 {[%emt 0:00:28]} 20. f4 {[%emt 0:03:28]} Kf8 {[%emt 0:01:15]} 21. Kf2 {[%emt 0:00:15]} Ke7 {[%emt 0:00:17]} 22. Ke3 {[%emt 0:00:18]} a5 {[%emt 0:00:35]} 23. Kd2 {[%emt 0:11:12]} Rc5 {[%emt 0:08:08]} 24. Rc3 {[%emt 0:02:57]} Rxc3 {[%emt 0:02:41]} 25. bxc3 {[%emt 0:00:09]} Kd8 {[%emt 0:01:52]} 26. Rb1 {[%emt 0:00:36]} Kc7 {[%emt 0:00:06]} 27. h4 {[%emt 0:00:46]} Rb8 {[%emt 0:01:37]} 28. Rb2 {[%emt 0:01:27]} Rh8 {[%emt 0:04:43]} 29. Ke3 {[%emt 0:00:20]} Kb7 {[%emt 0:01:38]} 30. Nf3 {[%emt 0:03:12]} Rc8 {[%emt 0:00:49]} 31. Kd3 {[%emt 0:00:19]} Rc4 {[%emt 0:02:16]} 32. Nd4 {[%emt 0:00:33]} Ka6 {[%emt 0:00:26]} 33. Kd2 {[%emt 0:02:45]} Rc5 {[%emt 0:00:41]} 34. Rb3 {[%emt 0:01:44]} Bb5 {[%emt 0:02:35]} 35. Rb2 {[%emt 0:00:50]} Bf1 {[%emt 0:01:25]} 36. Rb1 {[%emt 0:00:17]} Bh3 {[%emt 0:02:49]} 37. Rb2 {[%emt 0:01:29]} Bg4 {[%emt 0:00:31]} 38. Rb1 {[%emt 0:00:53]} Rc4 {[%emt 0:01:59]} 39. Rb3 {[%emt 0:01:50]} Ra4 {[%emt 0:06:48]} 40. Ke1 {[%emt 0:04:22]} Kb7 {[%emt 0:06:12]} 41. Kd2 {[%emt 0:07:13]} Ka6 {[%emt 0:03:37]} 42. Ke1 {[%emt 0:00:25]} Bh3 {[%emt 0:00:16]} 43. Nb5 {[%emt 0:06:20]} Re4+ {[%emt 0:05:32]} 44. Kf2 {[%emt 0:00:15]} Bg4 {[%emt 0:01:16]} 45. Nd6 {[%emt 0:00:25]} Re2+ {[%emt 0:00:20]} 46. Kf1 {[%emt 0:01:05]} Re3 {[%emt 0:01:42]} 47. Nc8 {[%emt 0:07:57]} b5 {[%emt 0:00:49]} 48. Nd6 {[%emt 0:00:33]} d4 {[%emt 0:00:22]} 49. Nxb5 {[%emt 0:00:14]} Be2+ {[%emt 0:00:04]} 0-1

[Event "AUT Bundesliga 2021-22"]
[Site "Graz"]
[Date "2022.03.24"]
[Round "5.25"]
[White "Kunin, Vitaly"]
[Black "Saric, Ivan"]
[Result "0-1"]
[WhiteElo "2547"]
[BlackElo "2678"]
[Annotator "TA"]
[PlyCount "118"]
[EventDate "2021.11.04"]
[EventType "team-tourn"]
[EventCountry "AUT"]
[SourceTitle "playchess.com"]
[Source "ChessBase"]
[SourceQuality "1"]

{[%evp 16,118,9,16,23,14,13,-17,0,0,-10,-10,0,0,25,14,11,12,17,0,6,-10,-11,-45,-43,-38,-46,-53,-54,-83,-84,-91,-89,-95,-90,-93,-97,-92,-87,-88,-87,-85,-85,-76,-78,-110,-102,-111,-80,-80,-65,-107,-96,-96,-62,-58,-62,-58,18,-184,-183,-268,-254,-303,-308,-318,-283,-363,-337,-294,-147,-103,-77,-361,-352,-539,-537,-621,-620,-571,-537,-697,-697,-691,-632,-606,-535,-4011,-1195,-2213,-2064,-12792,-6747,-29986,-29987,-29988,-29989,-29990,-29991,-29991,-29992,-29994,-29990,-29996,-29997]} 1. d4 Nf6 2. c4 g6 3. Nc3 Bg7 4. e4 d6 5. Be2 O-O 6. Nf3 e5 7. O-O Nc6 8. dxe5 dxe5 9. Bg5 Nd4 {E97: King's Indian: Classical Main Line (6...e5 7 0-0 Nc6): 8 Be3 and 8 d5 Ne7, not 9 Ne1.} 10. Nxe5 Ne6 $1 11. Qxd8 Rxd8 {The position is equal.} 12. Nf3 Nxg5 13. Nxg5 {[#]} h6 $5 $146 {[%mdl 8] An interesting novelty.} ({Predecessor:} 13... Re8 14. Rfe1 h6 15. Nf3 Nxe4 16. Nd5 Bxb2 17. Nxc7 Bxa1 18. Rxa1 Bg4 19. h3 Nc3 20. hxg4 Nxe2+ {½-½ (47) Kunin,V (2538)-Jones,G (2670) Sandavagur 2018}) 14. Nf3 c6 15. Rad1 Re8 16. Nd2 Nd7 17. Rfe1 Nc5 18. Rc1 a5 {[%cal Ba7a5,Ba5a4][%mdl 32]} 19. Bf1 a4 {[%mdl 1024] Black has compensation.} 20. g3 g5 21. Kg2 Rd8 22. Red1 a3 23. bxa3 (23. b4 $2 Bxc3 24. Rxc3 Nxe4 $1 $19) 23... Bxc3 ({Much worse is} 23... Rxa3 $6 24. Ndb1 Rxd1 25. Rxd1 $11) 24. Rxc3 {[#]} Nxe4 $1 {[%mdl 64] Pin} 25. Rd3 {[#]} Bh3+ $1 26. Kg1 Rxd3 {Black is much more active.} 27. Bxd3 Nc3 28. Re1 Rxa3 ({Of course not} 28... Nxa2 $6 29. Re3 $15) 29. Bf1 Bf5 30. c5 Rxa2 31. Nc4 Be6 {aiming for ...Na4.} 32. Nd6 Rb2 33. f4 (33. Bc4 $15) 33... gxf4 $17 34. gxf4 Rb4 35. f5 Bd5 36. Bd3 h5 (36... Kg7 $15 37. Ne8+ Kf8) 37. h3 $2 (37. f6 $1 $11 {and White stays safe.} Be6 38. Ra1 Rg4+ 39. Kf2) 37... Kg7 $1 $19 38. Re7 (38. Rc1 $142 Rb3 39. h4) 38... Kf6 39. Rxb7 Rxb7 40. Nxb7 {[%mdl 4096] Endgame KBN-KBN} h4 41. Kf2 Ke5 $1 42. Ke3 Ne4 {Inhibits Nd6.} (42... Nd1+ $1 $19 43. Ke2 Kd4 $1) 43. Bc2 $17 {[#]} f6 $1 {[%cal Bf7f6,Bf6f5,Bf5f4,Bf4f3][%mdl 32]} 44. Ba4 $2 {[%mdl 8192]} (44. Bd3 $17) 44... Ng3 $19 ({Weaker is} 44... Kxf5 45. Nd8 $17) 45. Na5 (45. Nd8 $142 Nxf5+ 46. Ke2) 45... Nxf5+ 46. Kf2 Nd4 47. Bd1 f5 48. Nb7 Ne6 49. Ba4 f4 50. Na5 Nd4 51. Bd1 f3 {Hoping for ...Ke4.} 52. Ke3 Nf5+ 53. Kf2 {[#]} Kf4 $1 {Strongly threatening ...Ng3.} 54. Ba4 Ng3 {Black mates.} 55. Bxc6 Ne4+ 56. Kf1 Bxc6 57. Nxc6 Ke3 58. Ne5 Ng3+ 59. Kg1 f2+ {Weighted Error Value: White=0.79/Black=0.06 (flawless)} 0-1